Responses for Show #6546 - Monday, February 18, 2013

2013 Tournament of Champions quarterfinal game 4.

Contestants

[<< previous game]

Dan McShane, a bartender from West Islip, New York

Kristin Morgan, a strategic analyst for NASA from Huntsville, Alabama

Keith Whitener, a research chemist originally from Charlotte, North Carolina

[next game >>]

Jeopardy! Round responses

NATIONALITIES?
LITERARY TERMS
BING'S TOP SEARCHES: 2012
AN "IMP"ISH CATEGORY
MICRO
MANAGE
    $200 2
Chinese checkers

Dan
    $200 4
letters

Keith
    $200 27
The Avengers

Keith
    $200 13
a blimp

Dan
    $200 1
a periodic table

Dan
    $200 22
Guinness

Keith
    $400 3
Russian roulette

Kristin
    $400 6
I

Keith
    $400 30
Whitney Houston

Kristin
    $400 14
impartial

Keith
    $400 5
Alaska

Kristin
    $400 23
(Sir Francis) Drake

Dan
    $600 8
a Swiss Army knife

Keith
    $600 12
(Kristin: What is dystopia?)
(Dan: What is dystopic?)

dystopian

KeithKristinDan
    $600 16
(Keith: What is ... UNICEF?)

the YMCA

Keith
Triple Stumper
    $600 15
imperialism

Keith
    $600 7
itsy bitsy teenie weenie

Kristin
    $600 24
Connie Mack

Dan
    $800 11
German chocolate cake

Kristin
    $800 18
steampunk

Kristin
    $800 29
American Idol

Keith
    $800 20
crimp

Kristin
    $800 9
Nauru

Dan
    $800 25
Tenzing Norgay

Keith
    $1000 17
Turkish delight

Kristin
    $1000 19
Bildungsroman

Dan
    $1000 28
Snooki

Dan
    $1000 21
a wimple

Kristin
    $1,200 10
nanotechnology

Dan
    $1000 26
the Red Cross

Dan

Scores at the first commercial break (after clue 15):

Keith Kristin Dan
$2,800 $1,600 $2,000

Scores at the end of the Jeopardy! Round:

Keith Kristin Dan
$4,200 $5,600 $6,000

Double Jeopardy! Round responses

NONFICTION
THE TV CHARACTER'S JOB
LET'S GO TO THE CIRCUS
LANDMARKS
IN THE DICTIONARY
1960s BLACK AMERICA
    $400 1
Tim Tebow

Keith
    $400 14
a bartender

Dan
    $400 5
the trapeze

Dan
    $400 4
the Great Wall of China

Kristin
    $400 10
geometry

Kristin
    $400 6
a sheriff

Kristin
    $800 2
(Jon) Krakauer

Keith
    $800 15
an attorney

Kristin
    $800 7
a circus ring

Dan
    $800 16
the pyramids

Dan
    $800 30
a rebus

Kristin
    $800 9
segregation

Kristin
    $1200 3
Killing Kennedy

Dan
    $1200 13
football coach

Dan
    $1200 8
a human cannonball

Keith
    $1200 17
the Sydney Opera House

Keith
    $1200 27
misogyny

Keith
    $2,500 11
Malcolm X

Kristin
    $1600 29
Laura Hillenbrand

Triple Stumper
    $1600 25
a cop (police officer)

Kristin
    $1600 23
(Kristin: What is a sword swallower?)

a geek

Kristin
Triple Stumper
    $5,000 18
the Shroud of Turin

Keith
    $1600 21
Carthage & cartilage

Kristin
    $1600 12
Housing & Urban Development

Dan
    $2000 28
Working

Triple Stumper
    $2000 26
an architect

Kristin
    $2000 24
PETA

Dan
    $2000 19
Schönbrunn Palace

Triple Stumper
    $2000 20
a posy

Keith
    $2000 22
(Kristin: Who is Kathleen Battle?)
(Dan: Who is Marian Anderson?)

Leontyne Price

KristinDan
Triple Stumper

Scores at the end of the Double Jeopardy! Round:

Keith Kristin Dan
$16,000 $13,300 $12,400

Final Jeopardy! Round responses

WORLD CAPITALS
DanWhat is Yerevan?
$7,600
KristinWhat is Yerevan?
$4,200
KeithWhat is Yerevan?
$10,601
Yerevan

Final scores:

Keith Kristin Dan
$26,601 $17,500 $20,000
Automatic semifinalist 3rd place: $5,000 if eliminated 2nd place: $5,000 if eliminated

Game dynamics:

Coryat scores:

Keith Kristin Dan
$12,600 $12,000 $12,200
17 R
(including 1 DD),
1 W
19 R
(including 1 DD),
3 W
18 R
(including 1 DD),
2 W

Combined Coryat: $36,800

[game clues] [game scores] [suggest correction]

Game tape date: 2013-01-15
The J! Archive is created by fans, for fans. Scraping, republication, monetization, and malicious use prohibited; this site may use cookies and collect identifying information. See terms. The Jeopardy! game show and all elements thereof, including but not limited to copyright and trademark thereto, are the property of Jeopardy Productions, Inc. and are protected under law. This website is not affiliated with, sponsored by, or operated by Jeopardy Productions, Inc. Join the discussion at JBoard.tv.